000 01111nam a22002777a 4500
005 20240530110944.0
008 221114s 2021ua g b 000 0 ara d
017 _a2021/7897
_bمصر. دار الكتب
020 _a9789778126136
040 _aEG-CaGPL
_cEG-CaGPL
082 0 4 _221
_a371.19
_bع ت
100 0 _aعصام الدين هلال
245 1 2 _aالتربية وفلسفة القيم /
_cعصام الدين هلال، ياسر مصطفى الجندى، اميرة عبدالسلام زايد
250 _aط.1
260 _aالقاهرة :
_bالمكتب العربى للمعارف،
_c2021.
300 _a157 ص. ؛
_c24 سم.
504 _aيشتمل على ارجاعات ببليوجرافية
650 0 7 _2qrmak
_aالمدارس
_xاشراف
650 0 7 _2qrmak
_aالمدارس
_xتنظيم وادارة
651 _2qrmak
653 0 _aالمدارس - قيم
700 0 _aياسر مصطفى الجندى
_eمؤلف مشارك
700 0 _aاميرة عبدالسلام زايد
_eمؤلف مشارك
942 _2ddc
_cBK
999 _c66871
_d66871